zpět

Detail výsledku týmu

Adélka, Pustiměř

Datum a čas kvízu

21 Celkem bodů Celkový počet nahraných bodů na tomto kvízu bez doplňovacích otázek.
6. Pořadí na kvízu Konečné umístění týmu na tomto kvízu.

Zaznamenané odpovědi

# Otázka Odpověď Body Výsledky
1. Jak se jmenuje tento muž, kter... Vladimír Balaš 0
2. Minulý týden vyšla zpráva o to... D) papoušky 0
3. Minulý týden byly rozděleny pr... Patrik Banga 1
4. Japonská společnost Sega oznám... Angry Birds 1
5. Minulý týden začal soudní proc... Roman Berbr, Plzeň 0
6. O slovanských bozích a mýtech... Perun, Mokoš/Mokoša/Makoša 0
7. Níže zobrazený český lékař a b... Jan Evangelista Purkyně, Živa 0
8. Známou mýtickou bytostí slovan... třikrát 0
9. Seřaďte tyto slovanské svátky... 1D 2A 3C 4B 1
10. Ve fantasy románu Američtí ___... Američtí bohové, Neil Gaiman 0